Statistics for As Long As You Love Me Lyrics - Backstreet Boys

Click here to take the quiz!

General Stats

  • This quiz has been taken 448 times
  • The average score is 218 of 256

Answer Stats

Answer% Correct
a
99%
(I
99%
I
99%
me)
99%
me,
99%
me
99%
you
99%
(as
98%
As
98%
as
98%
long
98%
love
98%
are
95%
are)
95%
your
95%
what
94%
What
94%
Where
94%
where
94%
(where
94%
Who
94%
who
94%
(who
94%
don't
93%
Don't
93%
from)
93%
from
93%
you're
91%
care
90%
did
87%
be
86%
my
86%
in
85%
of
83%
the
82%
And
81%
and
81%
It
81%
it
81%
that
80%
with
79%
is
78%
been
77%
mine
76%
here
75%
say
75%
always
74%
friend
74%
I'm
74%
to
74%
all
73%
on
73%
head
72%
life
72%
can't
71%
hands
71%
has
71%
get
70%
out
70%
am
69%
no
69%
know)
68%
loneliness
68%
blind
67%
how
67%
leaving
67%
crazy
66%
it's
66%
People
66%
got
64%
mystery
64%
said
64%
But
63%
Every
63%
history
63%
like
63%
When
63%
baby
62%
done
62%
have
62%
if
62%
one
62%
so
62%
Risking
61%
still
60%
we're
60%
look
59%
thing
59%
deep
58%
eyes
58%
little
58%
matter
58%
written
58%
comin
57%
Feels
57%
Doesn't
56%
into
56%
meant
56%
within
56%
glance
55%
run
55%
(yeah)
55%
I've
53%
knows
53%
really
53%
seems
53%
Although
52%
guess
51%
hide
51%
shows
50%
tried
50%

Score Distribution

Percentile by Number Answered

Percent of People with Each Score

Your Score History

You have not taken this quiz